000 00338nam a2200133Ia 4500
008 100328s9999 xx 000 0 und d
082 _b26660
100 _aसावंत वसंत
245 _aउगवाई
260 _bपॅाप्युलर
630 _aउगवाई
730 _aउगवाई
942 _cBOOK
999 _c518949
_d518946